000 00800nam0a22002531 4500
001 RU\INFOCOMM_322\NLR\5000129411
005 20250613105323.0
035 _a(NLR Aleph) 009525508
090 _a8854267
_c8854267
100 _a20130109f19301939|||y0rusy50 ca
101 0 _afre
102 _aRU
105 _ay z |||||
200 1 _aˆ...‰ Recueil d'articles sur la pantocrine
_fRed. prof. S. M. Pavlenko
_gSociété générale Lektechsyrio
210 _aMoscou
_aet Leningrad
_cVnechtorgisdat
_d[193?]
215 _a86 с.
_d21 см
606 0 _aПантокрин
_91785807
_3RU\NLR\AUTH\66803160
620 _aМосква
710 0 2 _a"Lektechsyrio", v/o
_4070
801 1 _aRU
_bInfocomm
_c20130109
801 0 _aRU
_bINFOCOMM
_gPSBO
852 _aNLR
_jD10/468
_y2 экз.
942 _cBOOK
980 _aNB